| 000 | 00482nam a2200169 a 4500 | ||
|---|---|---|---|
| 005 | 20140412111347.0 | ||
| 008 | 050421s19uu xx 00 eng d | ||
| 020 | _a0-02-181233-0 | ||
| 050 |
_aTR(GS 415 _bGr75 1997 |
||
| 245 | _aGrammar minilessons: grade 2. | ||
| 260 |
_aNew York : _bMacmillan/McGraw-Hill, _c1997. |
||
| 300 | _aiv p. ; 89 p. ; ill. | ||
| 440 | _aSpotlight on Literacy | ||
| 650 |
_aEnglish language _xStudy and teaching |
||
| 999 |
_c105217 _d105217 |
||